Τα Ειδικά Παιδιά και η Αγωγή τους / Τρίτη Έκδοση (Record no. 5694)
[ view plain ]
| 000 -LEADER | |
|---|---|
| fixed length control field | 01760cam a22002054a 4500 |
| 005 - ΗΜΕΡΟΜΗΝΙΑ ΚΑΙ ΩΡΑ ΤΕΛΕΥΤΑΙΑΣ ΕΝΗΜΕΡΩΣΗΣ | |
| Πεδίο ελέγχου | 20250605164219.0 |
| 008 - FIXED-LENGTH DATA ELEMENTS--GENERAL INFORMATION | |
| Πεδίο ελέγχου σταθερού μήκους | 250528s ||||||||||||||||||||||||d |
| 035 ## - SYSTEM CONTROL NUMBER | |
| System control number | 20603 |
| 040 ## - ΠΗΓΗ ΚΑΤΑΛΟΓΟΓΡΑΦΗΣΗΣ | |
| Φορέας πρωτότυπης καταλογογράφησης | MC Athens Campus Library |
| Γλώσσα καταλογογράφησης | Ελληνικά, Μοντέρνα (1453-) |
| Modifying agency | MC Athens Campus Library |
| Κανόνες περιγραφικής καταλογογράφησης | AACR2 |
| 245 1# - ΤΙΤΛΟΣ ΚΑΙ ΔΗΛΩΣΗ ΥΠΕΥΘΥΝΟΤΗΤΑΣ | |
| Τίτλος | Τα Ειδικά Παιδιά και η Αγωγή τους / Τρίτη Έκδοση |
| 250 ## - EDITION STATEMENT | |
| Edition statement | 3η |
| 260 ## - PUBLICATION, DISTRIBUTION, ETC. | |
| Date of publication, distribution, etc. | 1989 |
| 300 ## - PHYSICAL DESCRIPTION | |
| Extent | 224 |
| 520 ## - SUMMARY, ETC. | |
| Summary, etc. | Πρόλογος, Εισαγωγή, Διάφορες Κατηγορίες, Το Τυφλό Παιδί, Το Κωφό Παιδί, Το Παιδί με Σωματική Αναπηρία, Το Παιδί με Διαταραχές του Λόγου, Το Παιδί με Διαταραχές στη Μάθηση, Το Παιδί με Διαταραχές της Συμπεριφοράς, Η Νοητική Ανεπάρκεια: Ψυχολογική Θεώρηση, Βαθμίδες Νοητικής Ανεπάρκειας, Αίτια της Νοητικής Ανεπάρκειας, Κλινικές Μορφές, Η Διάγνωση της Νοητικής Ανεπάρκειας, Διαγνωστικά Μέσα, Η Νοητική Ανεπάρκεια: Πρακτική Αντιμετώπιση, Η Πρόληψη της Νοητικής Ανεπάρκειας, Σταθμοί και Πρωτεργάτες της Ειδικής Αγωγής, Η Αγωγή των Ασκήσιμων, Γενικές Αρχές Αγωγής Εκπαιδευτικών, Παράρτημα, Οργάνωση της Ειδικής Αγωγής στην Ελλάδα, Βιβλιογραφία, Αναλυτικοί Πίνακες. |
| 700 1# - ΠΡΟΣΘΕΤΗ ΑΝΑΓΡΑΦΗ--ΦΥΣΙΚΟ ΠΡΟΣΩΠΟ | |
| Personal name | Κυπριωτάκης Αντώνης |
| 9 (RLIN) | 6563 |
| 700 1# - ΠΡΟΣΘΕΤΗ ΑΝΑΓΡΑΦΗ--ΦΥΣΙΚΟ ΠΡΟΣΩΠΟ | |
| Personal name | Ψυχοτεχνική |
| 9 (RLIN) | 6564 |
| 942 ## - ADDED ENTRY ELEMENTS (KOHA) | |
| Koha item type | Books |
| Τύπος τεκμηρίου | Βιβλιοθήκη | Τρέχουσα τοποθεσία | Barcode | Αριθμός εισαγωγής | Ημερομηνία απόκτησης | Ταξιθετικό σύμβολο | Αριθμός αντιτύπου | Κατάσταση απόσυρσης | Κατάσταση χαμένου | Κατάσταση κατεστραμμένου | Μη δανεισμός | Σύνολο δανεισμών | Ημερομηνία τελευταίας εμφάνισης | Η τιμή ισχύει από |
|---|---|---|---|---|---|---|---|---|---|---|---|---|---|---|
| Books | MC Athens Campus Library | MC Athens Campus Library | 9780000056931 | 7128 | 05/06/2025 | 371.9 KYP | 1 | 05/06/2025 | 05/06/2025 |